Chân dung các nhà giáo ưu tú Việt Nam; T1
Sách sưu tập những bài viết về các nhà giáo trên các báo " Người giáo viên nhân dân " và báo " Giáo dục và thời đại "
Enregistré dans:
| Auteur principal: | |
|---|---|
| Format: | Livre |
| Langue: | Undetermined |
| Publié: |
Hà Nội
Thanh Niên
1998
|
| Sujets: | |
| Tags: |
Ajouter un tag
Pas de tags, Soyez le premier à ajouter un tag!
|
| Thư viện lưu trữ: | Trung tâm Học liệu Trường Đại học Cần Thơ |
|---|
| LEADER | 00703nam a2200181Ia 4500 | ||
|---|---|---|---|
| 001 | CTU_29739 | ||
| 008 | 210402s9999 xx 000 0 und d | ||
| 082 | |a 371.10092 | ||
| 082 | |b Ch121/T1 | ||
| 100 | |a Cao Giang | ||
| 245 | 0 | |a Chân dung các nhà giáo ưu tú Việt Nam; T1 | |
| 245 | 0 | |c Cao Giang, Đoàn Thị Lam Luyến | |
| 260 | |a Hà Nội | ||
| 260 | |b Thanh Niên | ||
| 260 | |c 1998 | ||
| 520 | |a Sách sưu tập những bài viết về các nhà giáo trên các báo " Người giáo viên nhân dân " và báo " Giáo dục và thời đại " | ||
| 650 | |a teachers - vietnam | ||
| 980 | |a Trung tâm Học liệu Trường Đại học Cần Thơ | ||